Introduction to Information Technology and Computer Fundamentals (Record no. 9532)

MARC details
000 -LEADER
fixed length control field 00862nam a22002297a 4500
003 - CONTROL NUMBER IDENTIFIER
control field OSt
005 - DATE AND TIME OF LATEST TRANSACTION
control field 20260421030533.0
008 - FIXED-LENGTH DATA ELEMENTS--GENERAL INFORMATION
fixed length control field 260421b |||||||| |||| 00| 0 eng d
020 ## - INTERNATIONAL STANDARD BOOK NUMBER
International Standard Book Number 978-621-427-128-3
040 ## - CATALOGING SOURCE
Original cataloging agency OC
Transcribing agency DWC-Main Lib
082 ## - DEWEY DECIMAL CLASSIFICATION NUMBER
Edition number 2nd ed
Classification number Fil. 004 B554i 2023
100 ## - MAIN ENTRY--PERSONAL NAME
Personal name Besueña, J.
245 ## - TITLE STATEMENT
Title Introduction to Information Technology and Computer Fundamentals
Statement of responsibility, etc. Besueña, Jerelyn S.
250 ## - EDITION STATEMENT
Edition statement 2nd editon
260 ## - PUBLICATION, DISTRIBUTION, ETC.
Place of publication, distribution, etc. Intramuros, Manila, Philippines :
Name of publisher, distributor, etc. Unlimited Books Library Services and Publishing inc.,
Date of publication, distribution, etc. c2023.
300 ## - PHYSICAL DESCRIPTION
Extent x, 204 pages :
Other physical details illustrations ;
Dimensions 26cm.
504 ## - BIBLIOGRAPHY, ETC. NOTE
Bibliography, etc. note Includes bibliographical references
650 ## - SUBJECT ADDED ENTRY--TOPICAL TERM
Topical term or geographic name entry element 1. Computer
650 ## - SUBJECT ADDED ENTRY--TOPICAL TERM
Topical term or geographic name entry element 2. Information technology
700 ## - ADDED ENTRY--PERSONAL NAME
Personal name Pomperada, Jake R.
942 ## - ADDED ENTRY ELEMENTS (KOHA)
Source of classification or shelving scheme Dewey Decimal Classification
Koha item type Book-Filipiniana
Edition 2nd edition
Classification part Fil. 004 B554i 2023
Call number prefix Fil.
Suppress in OPAC No
952 ## - LOCATION AND ITEM INFORMATION (KOHA)
--
Holdings
Withdrawn status Lost status Source of classification or shelving scheme Damaged status Not for loan Home library Current library Shelving location Date acquired Source of acquisition Cost, normal purchase price Total Checkouts Full call number Barcode Date last seen Copy number Price effective from Koha item type Uniform Resource Identifier
    Dewey Decimal Classification     College Library College Library Filipiniana 01/27/2023 School Fund 450.00   Fil. 004 B554i 2023 CL53422 04/21/2026 c1 04/21/2026 BK - FIL